000 00209nam a22000857a 4500
001 1236290
005 20251001153233.0
245 _aAYDEDE HER YERDE
_cHACER KILCIOĞLU
260 _bGÜNIŞIĞI KİTAPLIĞI YAYINLARI
999 _c1236290
_d1236290